000 00880nam0a22002771 4500
001 RU\NLR\A1SV\120243
005 20251203171251.9
035 _a(NLR Aleph) 010440921
090 _a9890119
_c9890119
100 _a20130715d1919 u y0rusy50 ca
101 0 _arus
102 _aRU
200 1 _aКооперативное производство и сбыт продуктов коноплеводства
_fС.Л.Тейтель
_gЦентр. кооп. союз коноплеводов
210 _aМ.
_cСов. объединенной с.-х. кооп.
_d1919
215 _a18 с.
_cдиагр.
_d23 см
620 _dМосква
700 1 _aТейтель
_bС.Л.
801 0 _aRU
_bNLR
_c20130715
852 _aNLR
_j37.60.3.515
852 _aNLR
_j37.60.3.515а
899 _aРГБ
899 _aМГУ
942 _cBOOK
980 _aNB
980 _aA1SV